000 00906nam a2200241 a 4500
999 _c12167
_d12167
001 12167
003 BD-JhCC
005 20210322123547.0
008 210322s2013 bg a|||| |||| 000 0 ban d
020 _a9789848980729
035 _a(BD-JhCC)12167
040 _aBD-JhCC
_dBD-JhCC
041 _aban
082 _a005.8
_bCHO 2013
100 _aচৌধুরী, মো: আনোয়ার হোসেন
245 _aধাপে ধাপে এসকিউএল সার্ভার ২০১২ /
_cমো: আনোয়ার হোসেন চৌধুরী
260 _aঢাকা :
_bসিসটেক পাবলিকেশন্স,
_c২০১৩.
300 _aভলিউম ১, ৩০৪ পৃ. :
_bচিত্রাবলী,
_c২৪ সেমি.
650 _aSQL server
650 _aDatabase security
650 _aClient/server computing
942 _2ddc
_cBK